| 000 | 02597cam a2200553Li 4500 | ||
|---|---|---|---|
| 001 | ocn493459900 | ||
| 003 | TZ-ArACH | ||
| 005 | 20140520124225.0 | ||
| 008 | 061024s2006 enkab f b 001 0 eng d | ||
| 020 | _a184277736X | ||
| 020 | _a9781842777374 | ||
| 020 | _a9781842777367 | ||
| 035 | _a(OCoLC)493459900 | ||
| 040 |
_aZWZ _encafnor _bfre _cTZ-ArACH |
||
| 041 | _aEng | ||
| 044 |
_auk _asa |
||
| 049 | _aTZAA | ||
| 050 |
_aKZ6314 _b.A44 |
||
| 082 | 0 | 4 |
_a967.61044 _222 |
| 100 | 1 |
_aAllen, Tim _d(1950-....). _eAuteur. _93476 |
|
| 245 | 1 | 0 |
_aTrial justice: the international criminal court and the Lord's Resistance Army / _h[Texte imprimé] : the international criminal court and the Lord's Resistance Army / _cTim Allen. |
| 260 |
_aLondon ; _aNew York : _bZed Books ; _aLondon : _bInternational African Institute ; _aClaremont, South Africa : _bDavid Philip, _c2006. |
||
| 300 |
_a1 vol. (XVI-230 p.) : _bill., cartes. ; _c21 cm. |
||
| 490 | 1 | _aAfrican arguments | |
| 504 | _aBibliogr. p. 218-222. Index. | ||
| 610 | 2 | 7 |
_aCour internationale de justice. _93477 |
| 610 | 2 | 7 |
_aInternational Court of Justice _93478 |
| 610 | 2 | 7 |
_aLord's Resistance Army. _93479 |
| 650 | 7 |
_aConflits de basse intensité _zOuganda. _93480 |
|
| 650 | 7 |
_aLow-intensity conflicts. _zUganda _93481 |
|
| 650 | 7 |
_aMassacres _zOuganda. _93482 |
|
| 650 | 7 |
_aCrimes de guerre _xProcès _zOuganda. _2ram _93483 |
|
| 650 | 7 |
_aWar crimes _xProcess _zUganda _93484 |
|
| 650 | 7 |
_aCrimes contre l'humanité _xProcès _zOuganda. _2ram _93485 |
|
| 650 | 7 |
_aCrimes against humanity _xProcess _zUganda _93486 |
|
| 650 | 0 |
_aWar crimes trials. _93487 |
|
| 650 | 0 |
_aWar crimes _zUganda. _93488 |
|
| 651 | 7 |
_aOuganda _y1979-.... _93489 |
|
| 651 | 7 |
_aUganda _21979-.... _93490 |
|
| 651 | 0 |
_aUganda _xHistory _y1979- _93491 |
|
| 830 | 0 |
_aAfrican arguments. _93492 |
|
| 942 |
_2lcc _cBOOK |
||
| 999 |
_c1464 _d1464 |
||